Online
Catalog

Antología poètica / (Record no. 9824)

MARC details
000 -CABECERA
campo de control de longitud fija 00843cam a2200241 a 4500
001 - NÚMERO DE CONTROL
campo de control 000010065
005 - FECHA Y HORA DE LA ÚLTIMA TRANSACCIÓN
campo de control 20200929161827.0
008 - DATOS DE LONGITUD FIJA--INFORMACIÓN GENERAL
campo de control de longitud fija 800424s1994 sp 001 p cat
020 ## - NÚMERO INTERNACIONAL ESTÁNDAR DEL LIBRO
Número Internacional Estándar del Libro 8429715606
040 ## - FUENTE DE LA CATALOGACIÓN
Centro catalogador/agencia de origen DO-SdBNP
Centro/agencia transcriptor DLC
Centro/agencia modificador DLC
082 ## - NÚMERO DE LA CLASIFICACIÓN DECIMAL DEWEY
Número de clasificación 861.6
Número de documento/Ítem F661a, 1994
100 1# - ENTRADA PRINCIPAL--NOMBRE DE PERSONA
Nombre de persona Foix, J. V.
Forma completa/desarrollada del nombre (Josep Vicenç Foix i Mas)
Fechas asociadas al nombre 1893-1987
9 (RLIN) 25043
245 10 - MENCIÓN DE TÍTULO
Título Antología poètica /
Mención de responsabilidad, etc. J. V. Foix ; edición, Pere Gimferrer.
250 ## - MENCIÓN DE EDICIÓN
Mención de edición 4a ed.
260 ## - PUBLICACIÓN, DISTRIBUCIÓN, ETC.
Lugar de publicación, distribución, etc. Barcelona :
Nombre del editor, distribuidor, etc. Edicions 62,
Fecha de publicación, distribución, etc. 1994.
300 ## - DESCRIPCIÓN FÍSICA
Extensión 155 p. ;
Dimensiones 19 cm.
490 1# - MENCIÓN DE SERIE
Mención de serie Les Millors obres de la literatura Catalana
Designación de volumen o secuencia 31
650 #4 - PUNTO DE ACCESO ADICIONAL DE MATERIA--TÉRMINO DE MATERIA
Término de materia o nombre geográfico como elemento de entrada Poesía española
Subdivisión de forma COLECCIONES
9 (RLIN) 9198
650 #4 - PUNTO DE ACCESO ADICIONAL DE MATERIA--TÉRMINO DE MATERIA
Término de materia o nombre geográfico como elemento de entrada Literatura española
Subdivisión cronológica SIGLO XX
9 (RLIN) 3326
700 1# - PUNTO DE ACCESO ADICIONAL--NOMBRE DE PERSONA
Nombre de persona Gimferrer, Pere,
Término indicativo de función/relación ed.
9 (RLIN) 9888
830 #0 - PUNTO DE ACCESO ADICIONAL DE SERIE-TÍTULO UNIFORME
Título uniforme Les Millors obres de la literatura Catalana ;
Designación de volumen o secuencia 31
9 (RLIN) 25044
910 ## - DATOS DE OPCIÓN DEL USUARIO (OCLC)
Datos de opción del usuario Catalogación por copia / LC
Holdings
Estado de retiro Estado de pérdida Restricciones de uso No para préstamo Código de colección Localización permanente Ubicación/localización actual Ubicación en estantería Fecha de adquisición Número de inventario Total de préstamos Signatura topográfica completa Código de barras Fecha visto por última vez Precio válido a partir de Tipo de ítem Koha
    Préstamo interno   Monografías: Libros y Folletos General General En catalogación 03.10.2009 LF1   861.6 F661a, 1994 10065-10 25.06.2020 25.06.2020 Préstamo interno

Powered by Koha